Statistics for Countries Condoleezza Rice has visited

Click here to take the quiz!

General Stats

  • This quiz has been taken 37 times
  • The average score is 70 of 84

Answer Stats

ContinentCountry% Correct
North AmericaCanada
100%
South AmericaArgentina
96%
South AmericaBrazil
96%
North AmericaMexico
96%
AsiaChina
93%
EuropeGermany
93%
AsiaJapan
93%
Asia/ EuropeRussia
93%
EuropeUnited Kingdom
93%
AfricaAlgeria
89%
OceaniaAustralia
89%
EuropeBelgium
89%
South AmericaChile
89%
South AmericaColombia
89%
EuropeDenmark
89%
EuropeEstonia
89%
EuropeFrance
89%
AsiaIndonesia
89%
AsiaIraq
89%
AsiaIsrael
89%
EuropeItaly
89%
EuropeLuxembourg
89%
OceaniaNew Zealand
89%
EuropeNorway
89%
EuropePoland
89%
AsiaSouth Korea
89%
AsiaVietnam
89%
AsiaAfghanistan
85%
EuropeAustria
85%
EuropeCroatia
85%
EuropeCzech Republic
85%
EuropeGreece
85%
North AmericaHaiti
85%
EuropeIreland
85%
AsiaJordan
85%
EuropeLatvia
85%
AfricaLibya
85%
EuropeLithuania
85%
AsiaMalaysia
85%
North AmericaPanama
85%
EuropePortugal
85%
EuropeRomania
85%
AsiaSingapore
85%
EuropeSweden
85%
Europethe Netherlands
85%
South AmericaUruguay
85%
EuropeBulgaria
81%
AfricaEgypt
81%
AfricaEthiopia
81%
EuropeHungary
81%
EuropeIceland
81%
AsiaIndia
81%
AsiaKazakhstan
81%
South AmericaPeru
81%
AsiaSaudi Arabia
81%
EuropeSlovakia
81%
EuropeSwitzerland
81%
Asia/ EuropeTurkey
81%
AsiaUnited Arab Emirates
81%
North AmericaEl Salvador
78%
AfricaGhana
78%
AsiaKuwait
78%
AsiaPakistan
78%
AfricaRwanda
78%
AsiaThailand
78%
North Americathe Bahamas
78%
AfricaTunisia
78%
EuropeUkraine
78%
EuropeVatican City
78%
AfricaBenin
74%
North AmericaGuatemala
74%
AsiaLebanon
74%
AfricaLiberia
74%
AsiaMongolia
74%
AfricaSudan
74%
AfricaTanzania
74%
AsiaBahrain
70%
AsiaKyrgyzstan
70%
AfricaMorocco
70%
AsiaTajikistan
70%
AsiaGeorgia
67%
OceaniaSamoa
67%
AfricaSenegal
67%
AsiaPalestine
56%

Score Distribution

Percentile by Number Answered

Percent of People with Each Score

Your Score History

You have not taken this quiz